000 01085nam a2200265 4500
005 20240530110444.0
008 150426s2010 ua g b 000 0dara d
017 _a2010/13022
_bمصر . دار الكتب المصرية
020 _a9789774214157
040 _aEG-CaGPL
082 0 4 _221
_a239\
_bص ت
100 0 _aصادق حسين
245 1 0 _aتاملات اعجازية للنبى فى مجال الامن السياسى /
_cصادق حسين
260 _aالقاهرة :
_bالهيئة المصرية العامة للكتاب ،
_c2010 .
300 _a285 ص ؛
_c24 سم
504 _aيشتمل على ارجاعات ببليوجرافية
650 0 4 _aالسيرة النبوية
650 0 4 _aالسيرة النبوية
_xعصر الجهاد فى سبيل نشر الدعوة
650 0 4 _aالامن القومى
650 0 4 _aالسيرة النبوية
_xالمعجزات
650 0 4 _aاخلاق الرسول
653 _aالسيرة النبوية - الامن السياسى
942 _2ddc
_cBK
999 _c61104
_d61104